000
00308nam a22001337a 4500
003
SGT
020
_a
9780140250640
082
_a
658.0954,LAL
100
_a
LALA,R.M
245
_a
THE JOY OF ACHIEVEMENT: CONVERSATIONS WITH JRD LALA
260
_a
NEW DELHI
_b
PENGUIN
_c
1995
300
_a
194
942
_2
ddc
_c
FCM
999
_c
9512
_d
9512